000 00330nam a22001337a 4500
008 181102b xxu||||| |||| 00| 0 eng d
020 _a9780195173642
041 _aeng
080 _a159.9
100 _a50
101 _aPSI
245 _aTreating and Preventing Adolescent Mental Health Disorders
_cEvans,D.L
942 _2udc
_cBK
999 _c51570
_d51570